LEADER 01305nam 2200349Ia 450 001 996394241303316 005 20221108083215.0 035 $a(CKB)3810000000004916 035 $a(EEBO)2248525083 035 $a(OCoLC)11920901 035 $a(EXLCZ)993810000000004916 100 $a19850415d1699 uy | 101 0 $aeng 135 $aurbn||||a|bb| 200 12$aA funeral sermon occasioned by the death of the Lady Lane$b[electronic resource] $elate wife of the Right Worshipful Sir Thomas Lane, Kt. and Alderman of the city of london, who died November the 29th. 1698 : and of John Lane, Esq., late father of the said Sir Thomas Lane, who died the 8th of December following ... /$fby Nathanael Taylor 210 $aLondon $cPrinted for Thomas Cockerill ...$d1699 215 $a[2], 42 p 300 $aReproduction of original in Huntington Library. 330 $aeebo-0113 606 $aFuneral sermons 606 $aSermons, English$y17th century 615 0$aFuneral sermons. 615 0$aSermons, English 700 $aTaylor$b Nathanael$fd. 1702.$01007489 801 0$bEAA 801 1$bEAA 801 2$bm/c 801 2$bWaOLN 906 $aBOOK 912 $a996394241303316 996 $aA funeral sermon occasioned by the death of the Lady Lane$92360922 997 $aUNISA LEADER 00997nam a2200265 i 4500 001 991001791819707536 005 20020502204257.0 008 940927s1990 ||| ||| | ||| 035 $ab10910505-39ule_inst 035 $aLE02377034$9ExL 040 $aDip.to Studi Storici$bita 082 0 $a306 100 1 $aMeoni, Maria Luisa$0192344 245 10$aSfumature e valori dell'unicità :$buna ricerca antropologica sulla cultura materiale in Val Germanasca /$cMaria Luisa Meoni 260 $aSiena :$bLaboratorio Etnoantropologico,$c1990 300 $a131 p. ;$c21 cm. 490 0 $aLEA. Monografie e studi ;$v1 650 4$aAntropologia 650 4$aUnicità$xStudi 907 $a.b10910505$b23-02-17$c28-06-02 912 $a991001791819707536 945 $aLE023 306 MEO 1 1$g1$i2023000004241$lle023$o-$pE0.00$q-$rl$s- $t0$u0$v0$w0$x0$y.i11014817$z28-06-02 996 $aSfumature e valori dell'unicità$9920707 997 $aUNISALENTO 998 $ale023$b01-01-94$cm$da $e-$feng$gxx $h0$i1